000 00819 a2200241 4500
005 20251208162955.0
008 251208b |||||||| |||| 00| 0 eng d
020 _a9788119838158 (pbk)
037 _cTB
040 _aCRL
_cCRL
041 _2pun
_apun
084 _aO153,3NRA,GU R4
_qCRL
100 _aਕੇਸਰ ਰਾਮ / Kesra Ram
_9848177
245 _aਗੁਡੋ
246 _aGuddo
260 _aਦਿੱਲੀ, ਭਾਰਤ:
_bNavyug Publishers,
_c2024.
300 _a218ਪ.
365 _b250.00
_cINR
650 _aਪੰਜਾਬੀ ਸਾਹਿਤ
_9855323
650 _aਪੰਜਾਬੀ ਕਹਾਣੀ
_9855324
942 _cTB
_2CC
_n0
_hO153,3NRA,GU R4
999 _c1464715
_d1464715